Can you Name the State Bird of each US State? - Statistics

General Stats
  • This quiz has been taken 32 times
  • The average score is 13 of 50
Answer Stats
Hint Answer % Correct
Illinois Cardinal
86%
Indiana Cardinal
86%
North Carolina Cardinal
86%
Ohio Cardinal
86%
Virginia Cardinal
86%
West Virginia Cardinal
86%
Kentucky Cardinal | Black-Capped Chickadee
86%
Wisconsin Robin
54%
Maine Chickadee
43%
New Mexico Roadrunner
29%
Mississippi Mockingbird
25%
Tennessee Mockingbird
25%
Texas Mockingbird
25%
Arkansas Mockingbird | Northern Mockingbird
25%
Florida Mockingbird | Northern Mockingbird
25%
Hawaii Nene | Hawaiian Goose
25%
Alabama Yellowhammer | Northern Flicker
25%
Arizona Cactus Wren
21%
Louisiana Brown Pelican
18%
Georgia Brown Thrasher
18%
South Carolina Carolina Wren
18%
Vermont Hermit Thrush
18%
Conneticut American Robin
14%
Michigan American Robin
14%
California California Quail
14%
Iowa Eastern Goldfinch | American Goldfinch
14%
New Jersey Eastern Goldfinch | American Goldfinch
14%
New Hampshire Purple Finch
14%
Oklahoma Scissor-tailed Flycatcher
14%
Kansas Western Meadowlark
14%
Montana Western Meadowlark
14%
Nebraska Western Meadowlark
14%
Wyoming Western Meadowlark
14%
Maryland Baltimore Oriole
11%
Massachusets Black-Capped Chickadee
11%
Delaware Blue Hen Chicken
11%
Colorado Lark Bunting
11%
Idaho Mountain Bluebird
11%
Nevada Mountain Bluebird
11%
North Dakota Wester Meadowlark
11%
Oregon Wester Meadowlark
11%
Washington Willow Goldfinch | American Goldfinch
11%
Alaska Willow Ptarmigan
11%
Missouri Eastern Bluebird
7%
New York Eastern Bluebird
7%
South Dakota Ring-necked Pheasant
7%
Minnesota American Loon
4%
Utah California Seagull
4%
Pennsylvania Ruffed Goose
4%
Rhode Island Rhode Island Red Hen
0%
No matching quizzes found
Score Distribution
Percent of People with Each Score
Percentile by Number Answered
Your Score History
You have not taken this quiz